<?xml version="1.0" encoding="UTF-8"?>
<record
    xmlns:xsi="http://www.w3.org/2001/XMLSchema-instance"
    xsi:schemaLocation="http://www.loc.gov/MARC21/slim http://www.loc.gov/standards/marcxml/schema/MARC21slim.xsd"
    xmlns="http://www.loc.gov/MARC21/slim">

  <leader>01210nam a22001937a 4500</leader>
  <controlfield tag="008">150107b        xxu||||| |||| 00| 0 eng d</controlfield>
  <datafield tag="020" ind1=" " ind2=" ">
    <subfield code="a">0324282281</subfield>
  </datafield>
  <datafield tag="050" ind1=" " ind2=" ">
    <subfield code="a">HD31.H447</subfield>
  </datafield>
  <datafield tag="100" ind1=" " ind2=" ">
    <subfield code="a">Hellriegel, Don</subfield>
  </datafield>
  <datafield tag="245" ind1=" " ind2=" ">
    <subfield code="a">Management: </subfield>
    <subfield code="b">a competency-based approach. /</subfield>
    <subfield code="c">Don Hellriegel, Susan E. Jackson and John W. Slocum</subfield>
  </datafield>
  <datafield tag="250" ind1=" " ind2=" ">
    <subfield code="a">10th ed.</subfield>
  </datafield>
  <datafield tag="260" ind1=" " ind2=" ">
    <subfield code="a">Ohio:</subfield>
    <subfield code="b">Thomson South-Western,</subfield>
    <subfield code="c">2005.</subfield>
  </datafield>
  <datafield tag="300" ind1=" " ind2=" ">
    <subfield code="a">xxx, 540p.:</subfield>
    <subfield code="b">ill.;</subfield>
    <subfield code="c">28cm.</subfield>
  </datafield>
  <datafield tag="500" ind1=" " ind2=" ">
    <subfield code="a">Includes index.</subfield>
  </datafield>
  <datafield tag="505" ind1=" " ind2=" ">
    <subfield code="a">Contents: An Overview of management: Managing in a dynamic environment -- The Evolution of management -- Managing the environment: Environmental forces -- Managing globally -- Entrepreneurship -- Ethics and stakeholder social responsibility -- Planning and control: Planning and strategy -- Fundamentals of decision making -- Planning and decision AIDS -- Controlling in organizations -- Organizing: Organizational design -- Organizational change and learning -- Managing human resources -- Leading: Work motivation -- Dynamics of learning -- Organizational communication -- Managing work teams -- Organizational culture and cultural diversity.</subfield>
  </datafield>
  <datafield tag="700" ind1=" " ind2=" ">
    <subfield code="a">Jackson, Susan E.</subfield>
  </datafield>
  <datafield tag="700" ind1=" " ind2=" ">
    <subfield code="a">Slocum, John W. </subfield>
  </datafield>
  <datafield tag="942" ind1=" " ind2=" ">
    <subfield code="2">lcc</subfield>
    <subfield code="c">BK</subfield>
  </datafield>
  <datafield tag="999" ind1=" " ind2=" ">
    <subfield code="c">5282</subfield>
    <subfield code="d">12782</subfield>
  </datafield>
  <datafield tag="952" ind1=" " ind2=" ">
    <subfield code="0">0</subfield>
    <subfield code="1">0</subfield>
    <subfield code="2">lcc</subfield>
    <subfield code="4">0</subfield>
    <subfield code="7">0</subfield>
    <subfield code="a">WIUC-1</subfield>
    <subfield code="b">WIUC-1</subfield>
    <subfield code="c">REF</subfield>
    <subfield code="d">2015-01-07</subfield>
    <subfield code="l">0</subfield>
    <subfield code="o">HD31.H447</subfield>
    <subfield code="p">7488/516/13</subfield>
    <subfield code="r">2015-01-07 00:00:00</subfield>
    <subfield code="w">2015-01-07</subfield>
    <subfield code="y">BK</subfield>
  </datafield>
</record>
